01111nac a22002891u 4500003000900000005001700009008004100026020001500067040004300082082002200125100001000147245016900157250002000326264004700346264001000393300004500403336002600448337002800474338002700502504005200529650003400581655001700615700003800632942001200670999001500682952012400697EG-ScBUE20250305100101.0250305t1974 nyua f b 001 0 eng d a0442206917 aEG-ScBUEbengerdacEG-ScBUEdEG-ScBUE04a530.0321bENC222 a 04aThe encyclopedia of physics /cedited by Robert M. Besancon, physical sciences administrator, Air Force Materials Laboratory, Wright-Patterson Air Force Base, Ohio. aSecond edition. 1aNew York :bVan Nostrand Reinhold,c[1974] 4cc1974 axv, 1067 pages :billustrations ;c26 cm 2rdacontentatextbtxt aunmediated2rdamediabn avolumebnc2rdacarrier aIncludes bibliographical references and index.  7aPhysicsxDictionaries.2BUEsh vReading book1 aBesanc̀§on, Robert M,eeditor. cNB2ddc c3136d3136 00102ddc40708Donation-GaMAINbMAINc1STd2007-03-22eDonationl0o530.0321 ENCp000030225r2025-07-15 00:00:00yNB